Calcul Mental - Puissances de 1 à 5 - Statistiques

Statistiques générales
  • Ce quiz a été pris 63 fois
  • Le résultat moyen est 21 sur 25
Statistiques - réponses
Calcul Réponse % Correct
1^1 1
100%
2^1 2
98%
1^2 1
96%
1^3 1
96%
1^4 1
96%
1^5 1
96%
2^2 4
96%
3^1 3
94%
2^3 8
94%
2^4 16
93%
3^3 27
93%
2^5 32
93%
3^2 9
93%
4^1 4
91%
4^2 16
89%
3^4 81
80%
5^1 5
78%
5^2 25
76%
5^3 125
74%
3^5 243
74%
4^3 64
74%
4^4 256
65%
5^4 625
63%
4^5 1024
57%
5^5 3125
52%
Aucun quiz correspondant
Distribution des résultats
% des personnes avec chaque résultat
Percentile par nombre de réponses
Votre historique - résultats
Vous n’avez pas pris ce quiz